Members of the Fellowship of the Ring - Sudden Death - Statistics

General Stats
  • This quiz has been taken 131 times
  • The average score is 8 of 9
Answers on the Grid
Answers color-coded by a green-red scale on the quiz's grid according to % correct below.
Frodo
Gandalf
Sam
Legolas
Aragorn
Gimli
Pippin
Merry
Boromir
Bilbo
Faramir
Elrond
Arwen
Luke
Gollum
Galadriel
Thorin
Dipper
 
Answer Stats
Answer % Correct
Sam
89%
Frodo
88%
Gandalf
86%
Aragorn
84%
Gimli
84%
Pippin
84%
Boromir
83%
Merry
82%
Legolas
81%
No matching quizzes found
Score Distribution
Percent of People with Each Score
Percentile by Number Answered
Your Score History
You have not taken this quiz